| 000 | 01283nam0a2200373 4500 | ||
|---|---|---|---|
| 001 | RU\NLR\bibl\124405 | ||
| 005 | 20250617102248.0 | ||
| 010 |
_a5-256-01051-4 _95000 |
||
| 021 |
_aRU _b2000-33972 _91581 |
||
| 035 | _a(NLR Aleph) 000121843 | ||
| 090 |
_a694035 _c694035 |
||
| 100 | _a20001101d2000 |||y0rusy50 ca | ||
| 101 | 0 | _arus | |
| 102 | _aRU | ||
| 105 | _aa ||||||||| | ||
| 200 | 1 |
_aРемонт цветных переносных телевизоров _fЮ. М. Гедзберг |
|
| 205 | _a3-е изд., стер. | ||
| 210 |
_aМ. _cМалип _aПушкино _cГрааль _d2000 |
||
| 215 |
_a191,[2] с. _cсхем. _d24 |
||
| 320 | _aБиблиогр. в конце кн. | ||
| 606 | 0 |
_aЦветные телевизоры _xРемонт _91967724 _3RU\NLR\auth\661188350 |
|
| 610 | 0 | _aТелевизоры цветные переносные - Ремонт | |
| 675 |
_a621.397.446-182.4.004.67 _v3 _zrus |
||
| 686 |
_a49.45 _2rugasnti |
||
| 686 |
_a32.943-5-08 _2rubbk |
||
| 686 | _aЗ943-522-083 | ||
| 700 | 1 |
_aГедзберг _gЮрий Михелевич _4070 |
|
| 801 | 0 |
_aRU _bRKP _c20001101 _gPSBO |
|
| 801 | 1 |
_aRU _bRKP _c20001101 |
|
| 801 | 2 |
_aRU _bNLR _c20010110 _grcr |
|
| 852 |
_aNLR _j2000-7/2622 |
||
| 942 | _cBOOK | ||
| 980 | _aNB | ||